| 000 | 00555nam a2200193Ia 4500 | ||
|---|---|---|---|
| 005 | 20250508150104.0 | ||
| 008 | 008 250505s9999 xx 000 0 eng d | ||
| 037 | _aTextual | ||
| 040 |
_aFEDL _beng _cFEDL |
||
| 041 |
_aeng _2eng |
||
| 084 |
_a575, SHU _qFEDL |
||
| 100 |
_aShull A Franklin _9755672 |
||
| 245 | 0 | _aEvolution | |
| 260 |
_aNew York, USA _bMcGraw Hill Book Company Inc _c1936 |
||
| 300 | _ax,312p | ||
| 490 | _aMcGraw-Hill Publications in the zoological sciences | ||
| 942 |
_cTEXL _h575, SHU |
||
| 999 |
_c1321718 _d1321718 |
||